| 000 | 00414nam a2200169Ia 4500 | ||
|---|---|---|---|
| 001 | 37642 | ||
| 005 | 20240114001939.0 | ||
| 007 | ta | ||
| 008 | 070614s a g b000 u u | ||
| 082 |
_a822.9109 _bEl 56 F |
||
| 100 | _aFarmor, Una Eluis . | ||
| 245 | 0 |
_aThe Frontiers Drama / _cUna Eluis Farmor. _hTextual Documents |
|
| 300 | _bill ; | ||
| 653 | _aEnglish Drama | ||
| 942 |
_2ddc _cBK |
||
| 999 |
_c37618 _d37618 |
||